[Event "DSJ Weihnachtsturnier U20 2020"]
[Site "https://play.chessbase.com/en/play?room=DSJWeihnachtU20"]
[Date "2020.12.29"]
[Round "4"]
[White "Mai, Artur"]
[Black "Englert, Luca"]
[Result "0-1"]
[Termination "normal"]
[Board "19.2"]
[WhiteElo "1737"]
[BlackElo "1563"]
[WhiteTeam "Schachverein Hemer 1932 2"]
[BlackTeam "VfB Schach Leipzig"]
[PlyCount "106"]
[WhiteFideId "16206851"]
[BlackFideId "16293088"]
[EventRounds "7"]
[EventType "team-swiss"]
[EventDate "2020.12.29"]

1. e4 {[%emt 0:00:02]} d6 {[%emt 0:00:03]} 2. d4 {[%emt 0:00:01]} Nf6 {[%emt
0:00:01]} 3. Nc3 {[%emt 0:00:01]} g6 {[%emt 0:00:01]} 4. Be2 {[%emt 0:00:07]}
Bg7 {[%emt 0:00:01]} 5. Be3 {[%emt 0:00:02]} c5 {[%emt 0:00:03]} 6. dxc5 {[%emt
0:00:17]} Qa5 {[%emt 0:00:02]} 7. Qd2 {[%emt 0:01:48]} dxc5 {[%emt 0:00:11]} 8.
Nb5 {[%emt 0:01:25]} Qxd2+ {[%emt 0:00:05]} 9. Bxd2 {[%emt 0:00:05]} Na6 {
[%emt 0:00:04]} 10. Bc3 {[%emt 0:00:05]} O-O {[%emt 0:00:04]} 11. f3 {[%emt
0:00:01]} Rd8 {[%emt 0:00:06]} 12. Bc4 {[%emt 0:00:53]} Bd7 {[%emt 0:00:12]}
13. a4 {[%emt 0:00:01]} Nb4 {[%emt 0:00:09]} 14. Bxb4 {[%emt 0:00:17]} cxb4 {
[%emt 0:00:00]} 15. Ne2 {[%emt 0:00:11]} a6 {[%emt 0:00:15]} 16. Nbd4 {[%emt
0:00:22]} Rac8 {[%emt 0:00:09]} 17. b3 {[%emt 0:00:14]} Bc6 {[%emt 0:00:27]}
18. Rd1 {[%emt 0:00:41]} e6 {[%emt 0:00:38]} 19. Kf2 {[%emt 0:00:20]} Be8
{[%emt 0:00:03]} 20. Nxe6 {[%emt 0:00:34]} Rxd1 {[%emt 0:00:12]} 21. Rxd1
{[%emt 0:00:05]} Rxc4 {[%emt 0:00:04]} 22. bxc4 {[%emt 0:00:04]} fxe6 {[%emt
0:00:02]} 23. Rb1 {[%emt 0:00:24]} a5 {[%emt 0:00:04]} 24. c3 {[%emt 0:00:05]}
Bf8 {[%emt 0:00:07]} 25. Nd4 {[%emt 0:00:07]} Kf7 {[%emt 0:00:04]} 26. cxb4
{[%emt 0:00:20]} axb4 {[%emt 0:00:07]} 27. Nb5 {[%emt 0:00:06]} Bc5+ {[%emt
0:00:06]} 28. Ke2 { [%emt 0:00:20]} b6 {[%emt 0:00:05]} 29. Kd3 {[%emt
0:01:03]} Nd7 {[%emt 0:00:05]} 30. f4 {[%emt 0:00:10]} Kf6 {[%emt 0:00:05]} 31.
Nd4 {[%emt 0:00:10]} e5 { [%emt 0:00:05]} 32. Nc6 {[%emt 0:00:27]} exf4 {[%emt
0:00:07]} 33. Nxb4 { [%emt 0:00:02]} Ne5+ {[%emt 0:00:02]} 34. Kc3 {[%emt
0:00:13]} Bf7 {[%emt 0:00:19]} 35. Nd5+ {[%emt 0:00:01]} Bxd5 {[%emt 0:00:08]}
36. exd5 {[%emt 0:00:00]} Ke7 {[%emt 0:00:10]} 37. a5 {[%emt 0:00:01]} bxa5
{[%emt 0:00:08]} 38. Rb7+ { [%emt 0:00:01]} Nd7 {[%emt 0:00:02]} 39. Rc7 {[%emt
0:00:02]} Kd6 {[%emt 0:00:05]} 40. Rc6+ {[%emt 0:00:01]} Ke7 {[%emt 0:00:05]}
41. Kb3 {[%emt 0:00:01]} g5 {[%emt 0:00:07]} 42. Ka4 {[%emt 0:00:01]} Bb4
{[%emt 0:00:02]} 43. Rh6 { [%emt 0:00:02]} Nf6 {[%emt 0:00:04]} 44. Kb5 {[%emt
0:00:01]} g4 {[%emt 0:00:03]} 45. Kc6 {[%emt 0:00:02]} f3 {[%emt 0:00:05]} 46.
gxf3 {[%emt 0:00:02]} gxf3 {[%emt 0:00:00]} 47. Rh3 {[%emt 0:00:02]} f2 {[%emt
0:00:18]} 48. Rf3 { [%emt 0:00:01]} Ng4 {[%emt 0:00:01]} 49. Kb6 {[%emt
0:00:06]} Kd6 {[%emt 0:00:06]} 50. h3 {[%emt 0:00:02]} Ne5 {[%emt 0:00:07]} 51.
Rf6+ {[%emt 0:00:03]} Ke7 {[%emt 0:00:03]} 52. Rxf2 {[%emt 0:00:02]} Nxc4+
{[%emt 0:00:01]} 53. Kb5 { [%emt 0:00:01]} Nd6+ {[%emt 0:00:05] Arbiter
Decision (VfBLeip1-002 claims disco: Hemer2-002/2), result=0} 0-1

[Event "DSJ Weihnachtsturnier U20 2020"]
[Site "https://play.chessbase.com/en/play?room=DSJWeihnachtU20"]
[Date "2020.12.29"]
[Round "4"]
[White "Vecera, Fabio"]
[Black "Jagodzinsky, Lukas"]
[Result "1-0"]
[Termination "normal"]
[Board "19.3"]
[WhiteElo "1527"]
[BlackElo "1216"]
[WhiteTeam "VfB Schach Leipzig"]
[BlackTeam "Schachverein Hemer 1932 2"]
[PlyCount "82"]
[WhiteFideId "16281705"]
[BlackFideId "16233255"]
[EventRounds "7"]
[EventType "team-swiss"]
[EventDate "2020.12.29"]

1. e4 {[%emt 0:00:05]} e6 {[%emt 0:00:02] .} 2. c4 {[%emt 0:00:04] Hemer2-003
reconnected.} d5 {[%emt 0:00:12]} 3. cxd5 {[%emt 0:00:03]} exd5 {[%emt
0:00:07]} 4. Qb3 {[%emt 0:00:17]} Nf6 {[%emt 0:00:39]} 5. e5 {[%emt 0:00:15]}
Qe7 {[%emt 0:00:17]} 6. d4 {[%emt 0:00:20]} Nc6 {[%emt 0:00:22]} 7. Bb5 {[%emt
0:00:17]} Bd7 {[%emt 0:00:34]} 8. Bxc6 {[%emt 0:00:03]} Bxc6 {[%emt 0:00:11]}
9. a3 {[%emt 0:00:04]} Ne4 {[%emt 0:00:28]} 10. Be3 { [%emt 0:00:23]} g6 {[%emt
0:00:33]} 11. Nf3 {[%emt 0:00:20]} Bg7 {[%emt 0:00:14]} 12. O-O {[%emt
0:00:05]} O-O {[%emt 0:00:35]} 13. Nc3 {[%emt 0:00:14]} Nxc3 {[%emt 0:00:09]}
14. Qxc3 {[%emt 0:00:13]} a6 {[%emt 0:00:20]} 15. Rac1 { [%emt 0:00:16]
Hemer2-003 offers a draw} Rfe8 {[%emt 0:00:26]} 16. Qd2 { [%emt 0:00:12]} Rad8
{[%emt 0:00:18]} 17. Bg5 {[%emt 0:00:10]} f6 {[%emt 0:00:19]} 18. exf6 {[%emt
0:00:03]} Bxf6 {[%emt 0:00:05]} 19. Bxf6 {[%emt 0:00:03]} Qxf6 {[%emt 0:00:07]}
20. Ne5 {[%emt 0:00:03]} Bb5 {[%emt 0:00:39]} 21. Rfe1 { [%emt 0:00:14]} Re7
{[%emt 0:00:33]} 22. Rc3 {[%emt 0:00:05]} Rde8 {[%emt 0:00:32]} 23. Rf3 {[%emt
0:00:23]} Qb6 {[%emt 0:00:21]} 24. Rc1 {[%emt 0:00:52]} Qd6 {[%emt 0:00:26]}
25. h3 {[%emt 0:00:12]} c5 {[%emt 0:00:11]} 26. Ng4 {[%emt 0:00:49]} cxd4
{[%emt 0:00:12]} 27. Nf6+ {[%emt 0:00:07]} Kg7 {[%emt 0:00:20]} 28. Nxe8+
{[%emt 0:00:05]} Rxe8 {[%emt 0:00:06]} 29. Qxd4+ {[%emt 0:00:11]} Kg8 {[%emt
0:00:23]} 30. Re3 {[%emt 0:00:12]} Rf8 {[%emt 0:00:19]} 31. Rce1 { [%emt
0:00:07] Hemer2-003 offers a draw} Rf7 {[%emt 0:00:14]} 32. Re6 {[%emt
0:00:07]} Qd8 {[%emt 0:00:15]} 33. R1e5 {[%emt 0:00:26]} Bd7 {[%emt 0:00:12]}
34. Rxd5 {[%emt 0:00:12]} Qf8 {[%emt 0:00:19]} 35. Rxd7 {[%emt 0:00:09]} Rxd7 {
[%emt 0:00:03]} 36. Qxd7 {[%emt 0:00:01]} Qf7 {[%emt 0:00:02]} 37. Qxf7+ {
[%emt 0:00:03]} Kxf7 {[%emt 0:00:02]} 38. Rb6 {[%emt 0:00:02]} Ke7 {[%emt
0:00:01]} 39. Rxb7+ {[%emt 0:00:02]} Ke6 {[%emt 0:00:02]} 40. Rxh7 {[%emt
0:00:01]} Ke5 {[%emt 0:00:00]} 41. Rg7 {[%emt 0:00:03]} Kd4 {[%emt 0:00:00]}
1-0

[Event "DSJ Weihnachtsturnier U20 2020"]
[Site "https://play.chessbase.com/en/play?room=DSJWeihnachtU20"]
[Date "2020.12.29"]
[Round "4"]
[White "Gazizov, Max"]
[Black "Hupfer, Maurice"]
[Result "1-0"]
[Termination "normal"]
[Board "20.1"]
[WhiteElo "1689"]
[BlackElo "1484"]
[WhiteTeam "Think Rochade - SC HRO"]
[BlackTeam "Schachfreunde Greiz"]
[PlyCount "117"]
[WhiteFideId "12951323"]
[BlackFideId "34641475"]
[EventRounds "7"]
[EventType "team-swiss"]
[EventDate "2020.12.29"]

1. d4 {[%emt 0:00:03]} c5 {[%emt 0:00:03]} 2. d5 {[%emt 0:00:02]} d6 {[%emt
0:00:04]} 3. c4 {[%emt 0:00:02]} e5 {[%emt 0:00:09]} 4. e4 {[%emt 0:00:06]} f5
{ [%emt 0:00:03]} 5. Nc3 {[%emt 0:00:20]} Nf6 {[%emt 0:00:05]} 6. Bg5 {[%emt
0:01:08]} Be7 {[%emt 0:00:06]} 7. Bxf6 {[%emt 0:00:18]} Bxf6 {[%emt 0:00:04]}
8. Nge2 {[%emt 0:00:38]} fxe4 {[%emt 0:00:05]} 9. Nxe4 {[%emt 0:00:08]} Bf5 {
[%emt 0:00:02]} 10. N2g3 {[%emt 0:00:09]} Bxe4 {[%emt 0:00:07]} 11. Nxe4 {
[%emt 0:00:01]} O-O {[%emt 0:00:02]} 12. Bd3 {[%emt 0:00:15]} Qe7 {[%emt
0:00:06]} 13. Qh5 {[%emt 0:00:26]} g6 {[%emt 0:00:07]} 14. Qg4 {[%emt 0:00:41]}
Nd7 {[%emt 0:00:04] SF-Greiz001 offers a draw} 15. h4 {[%emt 0:00:25]} Bg7 {
[%emt 0:00:12]} 16. Ng5 {[%emt 0:00:30]} Nf6 {[%emt 0:00:29]} 17. Qe6+ { [%emt
0:00:08]} Qxe6 {[%emt 0:00:03]} 18. Nxe6 {[%emt 0:00:04]} Rf7 {[%emt 0:00:02]}
19. O-O-O {[%emt 0:00:28]} Ng4 {[%emt 0:00:16]} 20. Rd2 {[%emt 0:00:58] } Nf6
{[%emt 0:00:05]} 21. Kd1 {[%emt 0:00:54]} Bh6 {[%emt 0:00:19]} 22. Re2 { [%emt
0:00:11]} a6 {[%emt 0:00:07]} 23. b3 {[%emt 0:00:20]} a5 {[%emt 0:00:05]} 24.
a4 {[%emt 0:00:08]} b6 {[%emt 0:00:04]} 25. Bc2 {[%emt 0:00:03]} Nh5 { [%emt
0:00:05]} 26. g3 {[%emt 0:00:08]} Nf6 {[%emt 0:00:04]} 27. Rf1 {[%emt 0:00:03]}
Nh5 {[%emt 0:00:20]} 28. Be4 {[%emt 0:00:12]} Rb8 {[%emt 0:00:09]} 29. Bg2
{[%emt 0:00:03]} Kh8 {[%emt 0:00:15]} 30. Kc2 {[%emt 0:00:02]} Ng7 { [%emt
0:00:02]} 31. Bh3 {[%emt 0:00:10]} Nxe6 {[%emt 0:00:27]} 32. dxe6 { [%emt
0:00:06]} Re7 {[%emt 0:00:03] SF-Greiz001 offers a draw} 33. Rd1 { [%emt
0:00:05]} Rd8 {[%emt 0:00:12]} 34. Rd5 {[%emt 0:00:03]} Bf8 {[%emt 0:00:03]}
35. Kd3 {[%emt 0:00:04]} Rg7 {[%emt 0:00:03]} 36. Ke4 {[%emt 0:00:05]} Be7
{[%emt 0:00:02]} 37. Kf3 {[%emt 0:00:05]} h5 {[%emt 0:00:06]} 38. Re4 {[%emt
0:00:03]} Rf8+ {[%emt 0:00:03]} 39. Kg2 {[%emt 0:00:01]} Rd8 {[%emt 0:00:06]}
40. f4 {[%emt 0:00:08]} exf4 {[%emt 0:00:06]} 41. Rxf4 {[%emt 0:00:10]} Kg8 {
[%emt 0:00:06]} 42. Rd1 {[%emt 0:00:06]} g5 {[%emt 0:00:09]} 43. hxg5 {[%emt
0:00:06]} Rxg5 {[%emt 0:00:00]} 44. Rd5 {[%emt 0:00:15]} Rxd5 {[%emt 0:00:06]}
45. cxd5 {[%emt 0:00:00]} Rf8 {[%emt 0:00:08]} 46. Kf3 {[%emt 0:00:05]} Rxf4+ {
[%emt 0:00:05]} 47. gxf4 {[%emt 0:00:02]} h4 {[%emt 0:00:02]} 48. Ke4 {[%emt
0:00:05]} Kg7 {[%emt 0:00:05]} 49. Kd3 {[%emt 0:00:04]} Kf6 {[%emt 0:00:03]}
50. Kc4 {[%emt 0:00:02]} Bd8 {[%emt 0:00:04]} 51. Kb5 {[%emt 0:00:02]} Ke7 {
[%emt 0:00:03]} 52. Kc6 {[%emt 0:00:02]} Kf6 {[%emt 0:00:18]} 53. Kxd6 { [%emt
0:00:05]} Be7+ {[%emt 0:00:06]} 54. Kd7 {[%emt 0:00:03]} b5 {[%emt 0:00:05]}
55. d6 {[%emt 0:00:06]} Bxd6 {[%emt 0:00:04]} 56. Kxd6 {[%emt 0:00:01]} bxa4
{[%emt 0:00:02]} 57. e7 {[%emt 0:00:06]} axb3 {[%emt 0:00:04]} 58. e8=Q { [%emt
0:00:02]} b2 {[%emt 0:00:03]} 59. Qe5+ {[%emt 0:00:01]} 1-0

[Event "DSJ Weihnachtsturnier U20 2020"]
[Site "https://play.chessbase.com/en/play?room=DSJWeihnachtU20"]
[Date "2020.12.29"]
[Round "4"]
[White "Förster, Nico"]
[Black "Wiese, Erik"]
[Result "1-0"]
[Termination "normal"]
[Board "20.2"]
[WhiteElo "1789"]
[BlackElo "1613"]
[WhiteTeam "Schachfreunde Greiz"]
[BlackTeam "Think Rochade - SC HRO"]
[PlyCount "69"]
[WhiteFideId "16292952"]
[BlackFideId "16271602"]
[EventRounds "7"]
[EventType "team-swiss"]
[EventDate "2020.12.29"]

1. e4 {[%emt 0:00:35]} c6 {[%emt 0:00:03]} 2. d4 {[%emt 0:00:02]} d5 {[%emt
0:00:13] SF-Greiz002 reconnected.} 3. exd5 {[%emt 0:00:11]} cxd5 {[%emt
0:00:03]} 4. Bd3 {[%emt 0:00:02]} Nc6 {[%emt 0:00:02]} 5. Ne2 {[%emt 0:00:02]}
Nf6 { [%emt 0:00:05]} 6. c3 {[%emt 0:00:04]} Bg4 {[%emt 0:00:09]} 7. f3 {[%emt
0:00:04]} Bh5 {[%emt 0:00:01]} 8. Bf4 {[%emt 0:00:06]} e6 {[%emt 0:00:06]} 9.
Qb3 { [%emt 0:00:19]} Qd7 {[%emt 0:00:43]} 10. Nd2 {[%emt 0:00:09]} Bg6 {[%emt
0:00:06]} 11. Bb5 {[%emt 0:00:04]} Be7 {[%emt 0:00:27]} 12. Bg3 {[%emt 0:00:21]
SF-Greiz002 reconnected.} O-O {[%emt 0:00:05]} 13. Nf4 {[%emt 0:00:13]} a6 {
[%emt 0:00:10]} 14. Nxg6 {[%emt 0:00:03]} hxg6 {[%emt 0:00:03]} 15. Bd3 { [%emt
0:00:04]} Rac8 {[%emt 0:00:25]} 16. O-O {[%emt 0:00:04]} b5 {[%emt 0:00:33]}
17. Rac1 {[%emt 0:00:30]} Na5 {[%emt 0:00:06]} 18. Qd1 {[%emt 0:00:06]} Nc4
{[%emt 0:00:02]} 19. Nxc4 {[%emt 0:00:03] SF-Greiz002 reconnected. Rochade1-002
reconnected.} bxc4 {[%emt 0:01:51]} 20. Bb1 {[%emt 0:00:09]} Bd6 { [%emt
0:00:18]} 21. Be5 {[%emt 0:00:12]} Qe7 {[%emt 0:00:23]} 22. f4 {[%emt 0:00:10]}
Nd7 {[%emt 0:00:22]} 23. Qg4 {[%emt 0:00:26]} Rb8 {[%emt 0:00:26]} 24. Rf2
{[%emt 0:00:35]} Nf6 {[%emt 0:00:42]} 25. Bxf6 {[%emt 0:00:08]} Qxf6 { [%emt
0:00:11]} 26. g3 {[%emt 0:00:15]} Rb7 {[%emt 0:00:11]} 27. h4 {[%emt 0:00:30]}
Rfb8 {[%emt 0:00:06]} 28. h5 {[%emt 0:00:02]} Rxb2 {[%emt 0:00:34]} 29. Rxb2
{[%emt 0:00:09]} Rxb2 {[%emt 0:00:03]} 30. hxg6 {[%emt 0:00:04]} fxg6 { [%emt
0:00:30]} 31. Bxg6 {[%emt 0:00:07]} e5 {[%emt 0:00:35]} 32. Qh5 {[%emt
0:00:29]} exf4 {[%emt 0:00:25]} 33. Qh7+ {[%emt 0:00:12]} Kf8 {[%emt 0:00:01]}
34. Qh8+ {[%emt 0:00:02]} Ke7 {[%emt 0:00:01]} 35. Qe8# {[%emt 0:00:02]} 1-0

[Event "DSJ Weihnachtsturnier U20 2020"]
[Site "https://play.chessbase.com/en/play?room=DSJWeihnachtU20"]
[Date "2020.12.29"]
[Round "4"]
[White "Witek, Jarne"]
[Black "Wilczek, Mailo"]
[Result "1-0"]
[Termination "normal"]
[Board "20.3"]
[WhiteElo "1393"]
[BlackElo "1232"]
[WhiteTeam "Think Rochade - SC HRO"]
[BlackTeam "Schachfreunde Greiz"]
[PlyCount "227"]
[WhiteFideId "16247647"]
[BlackFideId "34663045"]
[EventRounds "7"]
[EventType "team-swiss"]
[EventDate "2020.12.29"]

1. Nf3 {[%emt 0:00:09]} d5 {[%emt 0:00:04]} 2. d4 {[%emt 0:00:03]} e6 {[%emt
0:00:01]} 3. e3 {[%emt 0:00:02]} Nf6 {[%emt 0:00:06]} 4. b3 {[%emt 0:00:02]} c6
{ [%emt 0:00:02]} 5. Bb2 {[%emt 0:00:04]} Nbd7 {[%emt 0:00:02]} 6. Bd3 {[%emt
0:00:05]} Be7 {[%emt 0:00:11]} 7. O-O {[%emt 0:00:12]} O-O {[%emt 0:00:04]} 8.
Nbd2 {[%emt 0:00:08]} Re8 {[%emt 0:00:20]} 9. Ne5 {[%emt 0:00:02]} Nxe5 { [%emt
0:00:11]} 10. dxe5 {[%emt 0:00:02]} Nd7 {[%emt 0:00:02]} 11. f4 {[%emt
0:00:10]} f6 {[%emt 0:00:12]} 12. Rf3 {[%emt 0:00:06]} Qc7 {[%emt 0:00:16]} 13.
Rh3 {[%emt 0:00:13]} h6 {[%emt 0:00:06]} 14. Qh5 {[%emt 0:00:13]} Rf8 {[%emt
0:00:26]} 15. Qg6 {[%emt 0:01:14]} fxe5 {[%emt 0:01:29]} 16. Qh7+ {[%emt
0:00:07] } Kf7 {[%emt 0:00:04]} 17. Rxh6 {[%emt 0:00:18]} Ke8 {[%emt 0:00:23]}
18. Rxe6 {[%emt 0:01:54]} Nf6 {[%emt 0:00:11]} 19. Qg6+ {[%emt 0:00:09]} Rf7
{[%emt 0:00:03]} 20. Rxe5 {[%emt 0:00:06]} Qd6 {[%emt 0:00:32]} 21. a4 {[%emt
0:00:54]} b6 {[%emt 0:00:09]} 22. Ba3 {[%emt 0:00:05]} Qc7 {[%emt 0:00:19]} 23.
Rxe7+ { [%emt 0:00:11]} Qxe7 {[%emt 0:00:06]} 24. Bxe7 {[%emt 0:00:02]} Kxe7
{[%emt 0:00:00]} 25. e4 {[%emt 0:00:12]} dxe4 {[%emt 0:00:06]} 26. Nxe4 {[%emt
0:00:02]} Bf5 {[%emt 0:00:02]} 27. Nxf6 {[%emt 0:00:08]} Bxg6 {[%emt 0:00:03]}
28. Bxg6 { [%emt 0:00:11]} Rxf6 {[%emt 0:00:05]} 29. Re1+ {[%emt 0:00:06]} Kd7
{[%emt 0:00:34]} 30. f5 {[%emt 0:00:13]} Rd8 {[%emt 0:00:18]} 31. Kf2 {[%emt
0:00:07]} Kd6 {[%emt 0:00:06]} 32. b4 {[%emt 0:00:09]} Rd7 {[%emt 0:00:07]} 33.
Kg3 { [%emt 0:00:24]} Rc7 {[%emt 0:00:47]} 34. Kf4 {[%emt 0:00:25]} c5 {[%emt
0:00:12]} 35. Rd1+ {[%emt 0:00:16]} Ke7 {[%emt 0:00:09]} 36. Re1+ {[%emt
0:00:16]} Kd7 {[%emt 0:00:15]} 37. Be8+ {[%emt 0:00:04]} Kc8 {[%emt 0:00:05]}
38. b5 { [%emt 0:00:05]} Kd8 {[%emt 0:00:28]} 39. Bc6 {[%emt 0:00:07]} Re7
{[%emt 0:00:10]} 40. Rd1+ {[%emt 0:00:04]} Kc7 {[%emt 0:00:05]} 41. Rd2 {[%emt
0:00:07]} g6 {[%emt 0:00:08]} 42. Kg5 {[%emt 0:00:03]} Rxf5+ {[%emt 0:00:53]}
43. Kxg6 { [%emt 0:00:10]} Rf4 {[%emt 0:00:02]} 44. Kg5 {[%emt 0:00:22]} Rb4
{[%emt 0:00:30]} 45. h4 {[%emt 0:00:07]} a6 {[%emt 0:00:02]} 46. h5 {[%emt
0:00:04]} Rxa4 { [%emt 0:00:05]} 47. h6 {[%emt 0:00:02]} Rb4 {[%emt 0:00:14]}
48. Kf6 {[%emt 0:00:11]} Re3 {[%emt 0:00:12]} 49. Rd7+ {[%emt 0:00:14]} Kc8
{[%emt 0:00:05]} 50. Ra7 {[%emt 0:00:13]} Rg4 {[%emt 0:00:26]} 51. h7 {[%emt
0:00:09]} Rh4 {[%emt 0:00:07]} 52. h8=Q+ {[%emt 0:00:04]} Rxh8 {[%emt 0:00:03]}
53. Ra8+ {[%emt 0:00:01]} Kc7 {[%emt 0:00:02]} 54. Rxh8 {[%emt 0:00:01]} axb5
{[%emt 0:00:01]} 55. Bxb5 {[%emt 0:00:02]} Rc3 {[%emt 0:00:01]} 56. Bd3 {[%emt
0:00:00]} Ra3 { [%emt 0:00:02]} 57. Rh7+ {[%emt 0:00:01]} Kc6 {[%emt 0:00:03]}
58. Ke5 { [%emt 0:00:02]} Ra1 {[%emt 0:00:03]} 59. g4 {[%emt 0:00:02]} Rg1
{[%emt 0:00:01]} 60. Kf4 {[%emt 0:00:01]} Kd5 {[%emt 0:00:03]} 61. g5 {[%emt
0:00:01]} Kd4 {[%emt 0:00:01]} 62. g6 {[%emt 0:00:02]} c4 {[%emt 0:00:01]} 63.
Be4 {[%emt 0:00:02]} Kc3 {[%emt 0:00:02]} 64. g7 {[%emt 0:00:01]} b5 {[%emt
0:00:03]} 65. Bd5 {[%emt 0:00:03]} b4 {[%emt 0:00:02]} 66. g8=Q {[%emt
0:00:03]} Rxg8 { [%emt 0:00:01]} 67. Bxg8 {[%emt 0:00:01]} Kxc2 {[%emt
0:00:03]} 68. Rh2+ { [%emt 0:00:05]} Kb3 {[%emt 0:00:05]} 69. Rh3+ {[%emt
0:00:02]} Ka4 {[%emt 0:00:02]} 70. Bxc4 {[%emt 0:00:01]} Ka5 {[%emt 0:00:02]}
71. Rb3 {[%emt 0:00:03]} Ka4 {[%emt 0:00:01]} 72. Rb1 {[%emt 0:00:02]} Ka5
{[%emt 0:00:02]} 73. Ke3 { [%emt 0:00:03]} Ka4 {[%emt 0:00:02]} 74. Kd2 {[%emt
0:00:01]} Ka3 {[%emt 0:00:01]} 75. Kc2 {[%emt 0:00:04]} Ka4 {[%emt 0:00:01]}
76. Kb2 {[%emt 0:00:03]} Ka5 {[%emt 0:00:02]} 77. Kb3 {[%emt 0:00:00]} Kb6
{[%emt 0:00:01]} 78. Kxb4 { [%emt 0:00:01]} Ka7 {[%emt 0:00:01]} 79. Kc5 {[%emt
0:00:03]} Ka8 {[%emt 0:00:02]} 80. Rb6 {[%emt 0:00:04]} Ka7 {[%emt 0:00:02]}
81. Kb5 {[%emt 0:00:11]} Ka8 {[%emt 0:00:02]} 82. Bd5+ {[%emt 0:00:02]} Ka7
{[%emt 0:00:02]} 83. Rb7+ { [%emt 0:00:01]} Ka8 {[%emt 0:00:01]} 84. Rh7+
{[%emt 0:00:16]} Kb8 {[%emt 0:00:03]} 85. Rh8+ {[%emt 0:00:09]} Kc7 {[%emt
0:00:02]} 86. Rh7+ {[%emt 0:00:01]} Kd6 {[%emt 0:00:02]} 87. Rh6+ {[%emt
0:00:01]} Kxd5 {[%emt 0:00:01]} 88. Rh5+ { [%emt 0:00:02]} Ke4 {[%emt 0:00:01]}
89. Kc4 {[%emt 0:00:02]} Kf4 {[%emt 0:00:02]} 90. Rh7 {[%emt 0:00:01]} Kg5
{[%emt 0:00:01]} 91. Kd5 {[%emt 0:00:02]} Kg6 {[%emt 0:00:01]} 92. Re7 {[%emt
0:00:01]} Kf6 {[%emt 0:00:02]} 93. Kd6 { [%emt 0:00:01]} Kf5 {[%emt 0:00:01]}
94. Re6 {[%emt 0:00:02]} Kg5 {[%emt 0:00:02]} 95. Kd5 {[%emt 0:00:02]} Kf5
{[%emt 0:00:01]} 96. Kd6 {[%emt 0:00:03]} Kf4 {[%emt 0:00:01]} 97. Re5 {[%emt
0:00:01]} Kg4 {[%emt 0:00:02]} 98. Kd5 { [%emt 0:00:03]} Kf4 {[%emt 0:00:01]}
99. Kd4 {[%emt 0:00:02]} Kf3 {[%emt 0:00:01]} 100. Re4 {[%emt 0:00:01]} Kg3
{[%emt 0:00:02]} 101. Kd3 {[%emt 0:00:02]} Kf3 {[%emt 0:00:01]} 102. Kd4 {[%emt
0:00:01]} Kg3 {[%emt 0:00:02]} 103. Ke5 { [%emt 0:00:01]} Kf3 {[%emt 0:00:01]}
104. Kf5 {[%emt 0:00:02]} Kf2 {[%emt 0:00:01]} 105. Kf4 {[%emt 0:00:01]} Kg2
{[%emt 0:00:01]} 106. Re3 {[%emt 0:00:03]} Kf2 {[%emt 0:00:01]} 107. Ke4 {[%emt
0:00:01]} Kf1 {[%emt 0:00:01]} 108. Kf3 { [%emt 0:00:04]} Kg1 {[%emt 0:00:02]}
109. Re2 {[%emt 0:00:02]} Kf1 {[%emt 0:00:01]} 110. Ke3 {[%emt 0:00:02]} Kg1
{[%emt 0:00:02]} 111. Rf2 {[%emt 0:00:02]} Kh1 {[%emt 0:00:01]} 112. Kf3 {[%emt
0:00:02]} Kg1 {[%emt 0:00:01]} 113. Kg3 { [%emt 0:00:01]} Kh1 {[%emt 0:00:01]}
114. Rf1# {[%emt 0:00:01]} 1-0

[Event "DSJ Weihnachtsturnier U20 2020"]
[Site "https://play.chessbase.com/en/play?room=DSJWeihnachtU20"]
[Date "2020.12.29"]
[Round "4"]
[White "Weidner, Markus"]
[Black "Ruff, Korbinian"]
[Result "1-0"]
[Termination "normal"]
[Board "21.1"]
[WhiteElo "1667"]
[BlackElo "1469"]
[WhiteTeam "SV Dresden-Striesen 1990"]
[BlackTeam "SGem Aschheim/Feldkirchen/Kirchheim 2"]
[PlyCount "95"]
[WhiteFideId "16236920"]
[BlackFideId "34607838"]
[EventRounds "7"]
[EventType "team-swiss"]
[EventDate "2020.12.29"]

1. e4 {[%emt 0:00:04]} c5 {[%emt 0:00:01]} 2. Nf3 {[%emt 0:00:01]} e6 {[%emt
0:00:04]} 3. d4 {[%emt 0:00:01]} cxd4 {[%emt 0:00:01]} 4. Nxd4 {[%emt 0:00:00]}
a6 {[%emt 0:00:00]} 5. c4 {[%emt 0:00:03]} Qc7 {[%emt 0:00:01]} 6. Nc3 { [%emt
0:00:02]} Nf6 {[%emt 0:00:01]} 7. Bd3 {[%emt 0:00:07]} Be7 {[%emt 0:00:05]} 8.
O-O {[%emt 0:00:01]} O-O {[%emt 0:00:01]} 9. b3 {[%emt 0:00:05]} Nc6 { [%emt
0:00:01]} 10. Nxc6 {[%emt 0:00:02]} bxc6 {[%emt 0:00:02]} 11. Bb2 { [%emt
0:00:01]} d5 {[%emt 0:00:05]} 12. exd5 {[%emt 0:00:01]} cxd5 {[%emt 0:00:00]}
13. cxd5 {[%emt 0:00:03]} Nxd5 {[%emt 0:00:06]} 14. Be4 {[%emt 0:01:04]} Nxc3
{[%emt 0:00:18]} 15. Bxc3 {[%emt 0:00:03]} Bb7 {[%emt 0:00:05]} 16. Bxb7 {
[%emt 0:00:13]} Qxb7 {[%emt 0:00:00]} 17. Qg4 {[%emt 0:00:10]} g6 {[%emt
0:00:03]} 18. Rfd1 {[%emt 0:00:38]} Rad8 {[%emt 0:00:09]} 19. Rd4 {[%emt
0:01:09]} Rd5 {[%emt 0:01:00]} 20. Rad1 {[%emt 0:00:16]} Rfd8 {[%emt 0:00:03]}
21. h3 { [%emt 0:00:48]} Rxd4 {[%emt 0:00:29]} 22. Rxd4 {[%emt 0:00:03]} Rxd4
{[%emt 0:00:01]} 23. Qxd4 {[%emt 0:00:02]} f6 {[%emt 0:00:11]} 24. Qc4 {[%emt
0:00:38]} Kf7 {[%emt 0:00:04]} 25. a4 {[%emt 0:00:06]} Qb6 {[%emt 0:01:04]} 26.
b4 { [%emt 0:00:26]} Bd6 {[%emt 0:00:34]} 27. Qh4 {[%emt 0:01:10]} Bf8 {[%emt
0:02:00]} 28. Qxf6+ {[%emt 0:00:20]} Ke8 {[%emt 0:00:03]} 29. Qh8 {[%emt
0:01:45]} Qd8 {[%emt 0:00:20]} 30. b5 {[%emt 0:00:20]} Qd1+ {[%emt 0:00:03]}
31. Kh2 { [%emt 0:00:01]} Qxa4 {[%emt 0:00:04]} 32. bxa6 {[%emt 0:00:30]} Qxa6
{[%emt 0:00:08]} 33. Bg7 {[%emt 0:00:08]} Qd6+ {[%emt 0:00:05]} 34. Be5 {[%emt
0:00:10]} Qc5 {[%emt 0:00:05] Aschhm2-001 bietet Remis} 35. f3 {[%emt 0:00:12]}
Kd7 { [%emt 0:00:21]} 36. Qxh7+ {[%emt 0:00:05]} Kc6 {[%emt 0:00:01]} 37. Qc7+
{ [%emt 0:00:02]} Kd5 {[%emt 0:00:03]} 38. Qxc5+ {[%emt 0:00:02]} Kxc5 {[%emt
0:00:00]} 39. Kg3 {[%emt 0:00:01]} Kd5 {[%emt 0:00:04]} 40. Bb2 {[%emt
0:00:05]} e5 {[%emt 0:00:04]} 41. Kg4 {[%emt 0:00:02]} Be7 {[%emt 0:00:04]} 42.
h4 { [%emt 0:00:01]} Bf6 {[%emt 0:00:12]} 43. h5 {[%emt 0:00:02]} gxh5+ {[%emt
0:00:03]} 44. Kxh5 {[%emt 0:00:02]} Ke6 {[%emt 0:00:06]} 45. Kg4 {[%emt
0:00:03]} Kf7 {[%emt 0:00:03]} 46. Kf5 {[%emt 0:00:02]} Kg7 {[%emt 0:00:03]}
47. Bxe5 { [%emt 0:00:01]} Bxe5 {[%emt 0:00:01]} 48. Kxe5 {[%emt 0:00:01]
Aschhm2-001 gibt auf} 1-0